<?xml version="1.0" encoding="UTF-8"?>
<marc:record xmlns:marc="http://www.loc.gov/MARC21/slim">
   <marc:leader>00000nam a2200000 a 4500</marc:leader>
   <marc:datafield ind1="1" ind2=" " tag="100">
      <marc:subfield code="a">Antoni, Birgit</marc:subfield>
   </marc:datafield>
   <marc:datafield ind1="1" ind2=" " tag="100">
      <marc:subfield code="a">Ruck-Pauquèt, Gina</marc:subfield>
   </marc:datafield>
   <marc:datafield ind1=" " ind2=" " tag="653">
      <marc:subfield code="a">Hilfsbereitschaft</marc:subfield>
   </marc:datafield>
   <marc:datafield ind1=" " ind2=" " tag="653">
      <marc:subfield code="a">Bilderbuch</marc:subfield>
   </marc:datafield>
   <marc:datafield ind1="0" ind2="0" tag="245">
      <marc:subfield code="a">Alle wollen was von Murmelbär</marc:subfield>
   </marc:datafield>
   <marc:datafield ind1="0" ind2="0" tag="245">
      <marc:subfield code="c">erzählt von Gina Ruck-Pauquèt. Mit Bildern von Birgit Antoni</marc:subfield>
   </marc:datafield>
   <marc:datafield ind1=" " ind2="1" tag="264">
      <marc:subfield code="a">Berlin ; Wien</marc:subfield>
      <marc:subfield code="b">Betz</marc:subfield>
      <marc:subfield code="c">2013</marc:subfield>
   </marc:datafield>
   <marc:datafield ind1="1" ind2=" " tag="520">
      <marc:subfield code="a">Der immer hilfsbereite Murmelbär wird von allen ausgenützt, bis er eines Tages nicht mehr mitmacht. (ab 3) (JD) Murmelbär sagt nicht laut, was er sich denkt. Beispielsweise, dass er lieber Geige spielen möchte, als dem eitlen Leoparden das Fell zu bürsten, die Kinder der faulen Vollmondeule zu hüten, die angriffslustigen Zwickzwackaffen auf ihm reiten zu lassen usw. Murmelbär ist unglücklich und nachts in seinen Träumen fletscht er die Zähne. Aber schlussendlich findet der gutmütige Tollpatsch, den alle immer nur ausgenützt haben, den Mut, seinen eigenen Wünschen nachzugehen. Er setzt sich auf einen Hügel und fiedelt. Und siehe da: Die Tiere können plötzlich alles selber, ganz ohne fremde Hilfe! Diese wunderbare Geschichte zum Thema "Selbst ist der Mann (die Frau)!" ist bildlich eindrucksvoll und sehr witzig umgesetzt - das Mienenspiel, die Gesten, die Körperhaltung der beteiligten Tiere transportieren ihre inneren Regungen perfekt nach außen. Ein höchst empfehlenswertes Bilderbuch zum Betrachten und Vorlesen für jeden Kindergarten und alle Kleinen ab 3!</marc:subfield>
   </marc:datafield>
   <marc:datafield ind1=" " ind2=" " tag="020">
      <marc:subfield code="a">9783219115376</marc:subfield>
      <marc:subfield code="9">9783219115376</marc:subfield>
   </marc:datafield>
   <marc:datafield ind1=" " ind2=" " tag="020">
      <marc:subfield code="a">3219115373</marc:subfield>
      <marc:subfield code="9">3219115373</marc:subfield>
   </marc:datafield>
   <marc:datafield ind1=" " ind2=" " tag="300">
      <marc:subfield code="a">[13] Bl. : überw. Ill. (farb.)</marc:subfield>
   </marc:datafield>
</marc:record>
